Εφαρμοσμένη ρευστομηχανική

Αποθηκεύτηκε σε:
Λεπτομέρειες βιβλιογραφικής εγγραφής
Κύριος συγγραφέας: Παπανίκας, Δημήτρης Γ.
Μορφή: Βιβλίο
Γλώσσα:Greek
Δημοσίευση: Πάτρα - Αθήνα : Παπανίκας Δ., 2010
Έκδοση:4η έκδ.
Θέματα:
Ετικέτες: Προσθήκη ετικέτας
Δεν υπάρχουν, Καταχωρήστε ετικέτα πρώτοι!

MARC

LEADER 00000nam a2200000 i 4500
001 1/65138
008 150127s2010 gre d
020 |a 978-960-88598-5-2 
035 |l 10120728 
040 |a GR-MY-UA  |b gre  |e aacr 
041 0 |a gre 
082 0 |a 532  |2 (23) 
100 1 |a Παπανίκας, Δημήτρης Γ. 
245 1 0 |a Εφαρμοσμένη ρευστομηχανική /  |c Δ. Γ. Παπανίκας 
250 |a 4η έκδ. 
260 |a Πάτρα - Αθήνα :   |b Παπανίκας Δ.,   |c 2010 
300 |a ποικ. άρ.;  |c 29 εκ. 
504 |a Περιλαμβάνει ευρετήριο 
650 0 0 |a Fluid mechanics. 
852 |a INST  |b LESVOS  |c EUDOXUS  |e 20150127  |h 532 ΠΑΠ  |p 005100053336  |q 005100053336  |t EDX  |y 0 
901 |a BIBL1-2015-1 
909 |a Λ  |b 191654 
920 |a ΕΥΔΟΞΟΣ  |b ΠΑΡΑΓΓΕΛΙΑ  |y ΛΕΣΒΟΣ-ΤΠ  |z 2014-11 
970 |a ΤΖΑΦΕΡΗ  |b ΕΥΑΓΓΕΛΙΑ  |z 2015/01/27